Мир перевода-5; Ac-2000: практическое пособие по устному переводу (продвинутый уровень)
| 1. Verfasser: | |
|---|---|
| Weitere Verfasser: | |
| Sprache: | Russisch Englisch |
| Veröffentlicht: |
Москва, Р.Валент, 2000
|
| Schriftenreihe: | Мир перевода World of Interpreting and Translation |
| Schlagworte: | |
| Format: | Buch |
| KOHA link: | https://koha.lib.tpu.ru/cgi-bin/koha/opac-detail.pl?biblionumber=182520 |
MARC
| LEADER | 00000nam0a2200000 4500 | ||
|---|---|---|---|
| 001 | 182520 | ||
| 005 | 20231031171326.0 | ||
| 010 | |a 5934390228 | ||
| 035 | |a (RuTPU)RU\TPU\book\197860 | ||
| 035 | |a RU\TPU\book\54821 | ||
| 090 | |a 182520 | ||
| 100 | |a 20100622d2000 m y0rusy50 ca | ||
| 101 | 0 | |a rus |a eng | |
| 102 | |a RU | ||
| 105 | |a y j 000zy | ||
| 200 | 1 | |a Мир перевода-5 |a Ac-2000 |e практическое пособие по устному переводу (продвинутый уровень) |f А. П. Чужакин, К. В. Петренко | |
| 210 | |a Москва |c Р.Валент |d 2000 | ||
| 215 | |a 216 с. | ||
| 225 | 1 | |a Мир перевода | |
| 225 | 1 | |a World of Interpreting and Translation | |
| 610 | 1 | |a английский язык | |
| 610 | 1 | |a стилистика | |
| 610 | 1 | |a перевод | |
| 610 | 1 | |a устный перевод | |
| 610 | 1 | |a учебные пособия | |
| 686 | |a Ш143.21-923.7 |v LBC/SL-A |2 rubbk | ||
| 700 | 1 | |a Чужакин |b А. П. |g Андрей Павлович | |
| 701 | 1 | |a Петренко |b К. В. |g Константин Владимирович | |
| 801 | 1 | |a RU |b 63413507 |c 20030528 |g PSBO | |
| 801 | 2 | |a RU |b 63413507 |c 20221209 |g PSBO | |
| 942 | |c BK | ||